Vở bài tập đạo đức 4
Guardado en:
| Autor principal: | |
|---|---|
| Formato: | Libro |
| Lenguaje: | Undetermined |
| Publicado: |
Hà Nội
Giáo dục
2006
|
| Materias: | |
| Etiquetas: |
Agregar Etiqueta
Sin Etiquetas, Sea el primero en etiquetar este registro!
|
| Thư viện lưu trữ: | Trung tâm Học liệu Trường Đại học Cần Thơ |
|---|
| LEADER | 00594nam a2200205Ia 4500 | ||
|---|---|---|---|
| 001 | CTU_116178 | ||
| 008 | 210402s9999 xx 000 0 und d | ||
| 020 | |c 2100 | ||
| 082 | |a 372.076 | ||
| 082 | |b Th523/L4 | ||
| 100 | |a Lưu, Thu Thủy | ||
| 245 | 0 | |a Vở bài tập đạo đức 4 | |
| 245 | 0 | |c Lưu, Thu Thủy, Nguyễn Thị Việt Hà, Ngô Quang Quế | |
| 260 | |a Hà Nội | ||
| 260 | |b Giáo dục | ||
| 260 | |c 2006 | ||
| 650 | |a Ethics | ||
| 650 | |x study and teaching | ||
| 904 | |i Tuyến | ||
| 980 | |a Trung tâm Học liệu Trường Đại học Cần Thơ | ||